Heveny gastroduodenalis fekélyek és eróziók humán boncolási anyagban

Elmentve itt :
Bibliográfiai részletek
Szerző: Iványi Béla
Dokumentumtípus: Cikk
Megjelent: 1980
Sorozat:Kolligátum
Kulcsszavak:Patológia, Gyomorfekély
Online Access:http://misc.bibl.u-szeged.hu/26536
LEADER 00582nab a2200169 i 4500
001 misc26536
005 20191108145852.0
008 170912s1980 hu o 0|| zxx d
040 |a SZTE Miscellanea Repozitórium  |b hun 
041 |a zxx 
100 1 |a Iványi Béla 
245 1 0 |a Heveny gastroduodenalis fekélyek és eróziók humán boncolási anyagban  |h [elektronikus dokumentum] /  |c  Iványi Béla 
260 |c 1980 
300 |a 1140-1147 
490 0 |a Kolligátum 
695 |a Patológia, Gyomorfekély 
856 4 0 |u http://misc.bibl.u-szeged.hu/26536/1/019_008_1140-1147.pdf  |z Dokumentum-elérés